000 00570nam a2200169 i 4500
001 55458
003 ES-MaACL
005 20230906163141.0
007 t|
008 030919s1967 sp ||||1| spa d
100 1 _aRosa, Giuseppe de.
_999602
245 1 4 _aLos jesuitas se renuevan
_b: la reciente congregación general de la Compañía de Jesús /
_cGiuseppe de Rosa ; [traducción por Virgilio Revuelta].
260 _aMadrid :
_bRazón y Fé,
_c[1967]
300 _a158 p. ;
_c19 cm.
700 1 _aRevuelta, Virgilio.
_996460
852 _aES-MaACL
_jC-32635
_bR.63425
999 _c55458
_d55458